| 000 | 00855nam a2200361Ia 4500 | ||
|---|---|---|---|
| 008 | 170203s9999 xx 000 0 und d | ||
| 020 | _a9781419703683 | ||
| 050 | _aFic | ||
| 050 | _bK55d | ||
| 100 | _aKinney, Jeff. | ||
| 245 | _aDiary of a wimpy kid : | ||
| 245 | _bcabin fever / | ||
| 245 | _cby Jeff Kinney. | ||
| 250 | _aInternational edition. | ||
| 260 | _aNew York : | ||
| 260 | _bAmulet Books, | ||
| 260 | _c2012 | ||
| 300 | _a217 pages : | ||
| 300 | _billustrations ; | ||
| 300 | _c21 cm | ||
| 440 | _aDiary of a wimpy kid ; | ||
| 440 | _vbk.6. | ||
| 650 | _aBehavior -- | ||
| 650 | _aChristmas -- | ||
| 650 | _aFamily life -- | ||
| 650 | _aMiddle schools -- | ||
| 650 | _aSchools -- | ||
| 650 | _xFiction. | ||
| 650 | _xFiction. | ||
| 650 | _xFiction. | ||
| 650 | _xFiction. | ||
| 650 | _xFiction. | ||
| 999 |
_c306285 _d306285 |
||